00385nam a2200133Ia 4500008004100000082001500041100001800056245002800074260001600102600001200118942000700130952009700137999001700234241002s9999 xx 000 0 und d a954.91 HAS aHashim, Abdul 0aIntegration of Pakistan aDhaka:cN/A aHistory cUC 00104070aUITUbUITUd1994-01-01l0o954.91 HASpUC50r2024-10-02 09:31:06w2024-10-02yUC c18377d18377